000
00262nam a2200109Ia 4500
008
200302s9999 xx 000 0 und d
100
_a
Christiana Lissman
245
_a
Stephen Williams Architects
260
_b
Daab Gmbh, New York
260
_c
2007
300
_a
176
999
_c
4477
_d
4477